Die 10 größten Städte und Gemeinden in Vorarlberg - Statistiken

Allgemein
  • Dieses Quiz wurde 319 mal gespielt
  • Das Durchschnittsergebnis liegt bei 8 aus 10
Antwortstatistiken
Platz Stadt % Korrekt
3 Bregenz
100%
2 Feldkirch
98%
1 Dornbirn
97%
6 Bludenz
92%
4 Lustenau
82%
5 Hohenems
79%
8 Rankweil
61%
7 Hard
56%
9 Götzis
55%
10 Lauterach
46%
Keine übereinstimmenden Quizze gefunden
Verteilung der Resultate
Anzahl Personen mit jedem Resultat
Perzentil nach korrekt beantworteten Fragen
Ihre Resultats-Entwicklung
Sie haben dieses Quiz noch nicht gespielt